00257nam a22000977a 4500008004100000082001500041100001700056245006900073260000900142300000800151230620b xxu||||| |||| 00| 0 eng d a320.8bDJI cMoussa Djire aThe myths and realities of local governance in Sanankoroba, Mali c2004 a36p